Pokémon - Dresseurs partenaires - Cornil (DE/PS) - Statistiques

Statistiques générales
  • Ce quiz a été pris 6 fois
  • Le résultat moyen est 30 sur 46
Statistiques - réponses
Hint Réponse % Correct
Kaorine
100%
Kaorine
100%
Kaorine
100%
Type Sol
100%
Type Sol
100%
Type Sol
100%
Niv 58
75%
Objet (Set 2) Baie Sitrus
75%
Objet Baie Sitrus
75%
Capacités Éboulement
75%
Capacités Extrasenseur
75%
Capacités Laser Glace
75%
Capacités Laser Glace
75%
Talent Lévitation
75%
Talent Lévitation
75%
Talent Lévitation
75%
Talent Lévitation
75%
Capacités Pouvoir Antique
75%
Type Psy
75%
Type Psy
75%
Type Psy
75%
Type Psy
75%
Capacités Psyko
75%
Capacités Psyko
75%
Capacités Telluriforce
75%
Capacité (Set 1) Telluriforce
75%
Capacités Choc Psy
50%
Cresselia
50%
Capacités Distorsion
50%
Capacité (Set 2) Distorsion
50%
Capacités Distorsion
50%
Capacités Éclat Magique
50%
Capacités Éclat Magique
50%
Talent Fermeté
50%
Capacités Force Cosmique
50%
Rencontre Mont Abrupt
50%
Capacités Poing Éclair
50%
Capacités Poing Glace
50%
Regirock
50%
Type Roche
50%
Capacités Abri
25%
Objet Baie Chérim
25%
Objet Ceinture Pro
25%
Objet Herbe Mental
25%
Capacités Plénitude
25%
Capacités Vent Glace
25%
Aucun quiz correspondant
Distribution des résultats
% des personnes avec chaque résultat
Percentile par nombre de réponses
Votre historique - résultats
Vous n’avez pas pris ce quiz